National language policy in Sri Lanka, 1956 to 1996 : (Record no. 713)
[ view plain ]
| 000 -LEADER | |
|---|---|
| fixed length control field | 008120000a22002530004500 |
| 003 - CONTROL NUMBER IDENTIFIER | |
| control field | LK-CoMWRAF |
| 005 - DATE AND TIME OF LATEST TRANSACTION | |
| control field | 20231207143907.0 |
| 008 - FIXED-LENGTH DATA ELEMENTS--GENERAL INFORMATION | |
| fixed length control field | 230817t1996 ||||| |||| 00| 0 eng d |
| 020 ## - INTERNATIONAL STANDARD BOOK NUMBER | |
| International Standard Book Number | 9555800111 |
| 040 ## - CATALOGING SOURCE | |
| Original cataloging agency | LK-CoMWRAF |
| Modifying agency | LK-CoMWRAF |
| Description conventions | LK-CoMWRAF |
| 041 ## - LANGUAGE CODE | |
| Language code of text/sound track or separate title | English |
| 082 ## - DEWEY DECIMAL CLASSIFICATION NUMBER | |
| Classification number | 306.449 |
| Item number | GUN |
| 942 ## - ADDED ENTRY ELEMENTS (KOHA) | |
| Koha item type | Books |
| 100 ## - MAIN ENTRY--PERSONAL NAME | |
| Personal name | Gunasekera, R. G. G. Olcott |
| 700 ## - ADDED ENTRY--PERSONAL NAME | |
| Personal name (Transliterated) | Samarasinghe, S. G. |
| 700 ## - ADDED ENTRY--PERSONAL NAME | |
| Personal name | Vamadevan, M. |
| 700 ## - ADDED ENTRY--PERSONAL NAME | |
| Personal name | Dharmadasa,, K.N.O |
| Relator Term | editor |
| 245 ## - TITLE STATEMENT | |
| Title | National language policy in Sri Lanka, 1956 to 1996 : |
| Remainder of title | three studies in its implementation |
| 260 ## - PUBLICATION, DISTRIBUTION, ETC. (IMPRINT) | |
| Place of publication, distribution, etc. | Kandy: |
| Name of publisher, distributor, etc. | International Centre for Ethnic Studies, |
| Date of publication, distribution, etc. | 1996 |
| 300 ## - PHYSICAL DESCRIPTION | |
| Extent | vi, 141 p. ; 26 cm. |
| 490 ## - SERIES STATEMENT | |
| Series statement | ICES Occasional papers |
| Volume/sequential designation | 6 |
| 650 ## - SUBJECT ADDED ENTRY--TOPICAL TERM | |
| Topical term or geographic name as entry element | LANGUAGE POLICY-Sri Lanka |
| 650 ## - SUBJECT ADDED ENTRY--TOPICAL TERM | |
| Topical term or geographic name as entry element | Sinhalese language- Political aspects |
| Withdrawn status | Lost status | Damaged status | Not for loan | Permanent Location | Current Location | Date acquired | Full call number | Barcode | Koha item type |
|---|---|---|---|---|---|---|---|---|---|
| Resource center, Muslim Women's Research And Action Forum | Resource center, Muslim Women's Research And Action Forum | 2023-08-17 | 306.449 GUN | RAF4042 | Books |

